El espíritu, memoria y testimonio de Cristo: a propósito de la Tertio Millennio Adveniente

Saved in:
Bibliografiske detaljer
Institution som forfatter: Facultad de Teología San Vicente Ferrer (Author)
Format: Bog
Sprog:spansk
Udgivet: Valencia Facultad de Teología San Vicente Ferrer 1997
Serier:Series Valentina, 40
Fag:
Tags: Tilføj Tag
Ingen Tags, Vær først til at tagge denne postø!

MARC

LEADER 00000nam a2200000 a 4500
001 UCK3616
003 CL-VaPUC
005 20210427001424.0
008 050429e19970000sp 1 spa d
020 |a 8460569446 
082 0 4 |a 231.2  |b FAC  |2 21 
110 2 |a Facultad de Teología San Vicente Ferrer  |e author  |9 620703 
245 1 3 |a El espíritu, memoria y testimonio de Cristo: a propósito de la Tertio Millennio Adveniente 
260 |a Valencia  |b Facultad de Teología San Vicente Ferrer  |c 1997 
300 |a 528 p 
490 0 |a Series Valentina, 40 
500 |a Actas del 9 Simposio de Teología Histórica 
583 |a last modification  |c 20190823 10:44:07  |k Rodrigo Vera 
650 0 7 |a ESPIRITU SANTO  |2 CL-VaPUC  |9 620704 
650 0 0 |a Cristología   |9 315091 
942 |c BK 
945 |a jcarroza  |d 20050429 00:00:00 
546 |a En Español 
536 |a Facultad de Teología San Vicente Ferrer 
518 |p Simposio de Teología Histórica, 9, Valencia, 5 al 7 de marzo de 1997 
999 |c 384120  |d 384118 
952 |0 0  |1 0  |4 0  |6 231_200000000000000_FAC_1997  |7 0  |8 A  |9 506594  |a BIBTEO  |b BIBTEO  |d 2020-01-23  |i 4107659  |o 231.2 FAC 1997  |p 4107659  |r 2025-01-17  |w 2020-01-23  |y BK  |k ICR